[Event "?"]
[Site "?"]
[Date "2004.03.23"]
[Round "3.19"]
[White "Jelica, M."]
[Black "Dzagnidze, N."]
[Result "0-1"]
[WhiteElo "2222"]
[BlackElo "2457"]
[PlyCount "88"]
[EventDate "2004.??.??"]

1. e4 c5 2. Nc3 d6 3. f4 Nc6 4. Bb5 g6 5. Nf3 Bg7 6. O-O Nh6 7. Kh1 O-O 8. Bxc6
bxc6 9. d3 Rb8 10. Qe1 f5 11. e5 Qc7 12. Qe2 Nf7 13. Re1 Nd8 14. b3 Ne6 15. Qf2
Rd8 16. Bd2 Kh8 17. Qh4 Rf8 18. Na4 Nd4 19. Nxd4 cxd4 20. exd6 exd6 21. Qe7 Rb7
22. Qxc7 Rxc7 23. Re2 Kg8 24. Nb2 Kf7 25. Nc4 Rd7 26. Rae1 Ba6 27. Re6 Bxc4 28.
dxc4 Be5 29. R6xe5 dxe5 30. fxe5 Re8 31. Bb4 d3 32. cxd3 Rxd3 33. Kg1 Ke6 34.
Re2 f4 35. Kf2 g5 36. Bd6 g4 37. Rc2 Rg8 38. Ke2 Re3+ 39. Kf2 g3+ 40. hxg3
Rexg3 41. Kf1 f3 42. Rf2 fxg2+ 43. Kg1 R8g6 44. Rf8 Rd3 0-1

[Event "?"]
[Site "?"]
[Date "2004.03.23"]
[Round "3.20"]
[White "Kovalevskaya, E."]
[Black "Roessler, U."]
[Result "1-0"]
[WhiteElo "2451"]
[BlackElo "2221"]
[PlyCount "51"]
[EventDate "2004.??.??"]

1. e4 c5 2. Nc3 d6 3. g3 Nc6 4. Bg2 g6 5. d3 Bg7 6. Be3 Rb8 7. Qd2 b5 8. f4 b4
9. Nd1 e6 10. Nf3 Nd4 11. Nh4 Ne7 12. O-O f5 13. c3 bxc3 14. bxc3 Ndc6 15. Rc1
Qa5 16. g4 Bf6 17. Bf2 O-O 18. Ne3 fxg4 19. Nxg4 Bg7 20. Bg3 e5 21. f5 gxf5 22.
Nxf5 Nxf5 23. exf5 Bxf5 24. Nh6+ Bxh6 25. Qxh6 Qc7 26. Bd5+ 1-0

[Event "?"]
[Site "?"]
[Date "2004.03.23"]
[Round "3.22"]
[White "Socko, M."]
[Black "Chilingirova, P."]
[Result "1-0"]
[WhiteElo "2415"]
[BlackElo "2201"]
[PlyCount "109"]
[EventDate "2004.??.??"]

1. d4 d5 2. c4 e6 3. Nc3 c6 4. e3 Nf6 5. Bd2 Bd6 6. c5 Bc7 7. f4 Ne4 8. Nxe4
dxe4 9. Bc4 b6 10. Nh3 h6 11. Nf2 f5 12. Qh5+ Kd7 13. Qf7+ Qe7 14. Bxe6+ Kd8
15. Qxe7+ Kxe7 16. Bxc8 Rxc8 17. g4 g6 18. Rg1 Kf7 19. Bc3 Nd7 20. Ke2 Nf6 21.
Rac1 Nd5 22. Bd2 Bd8 23. Rc2 b5 24. Rcc1 a5 25. Rg2 Bf6 26. Rcg1 a4 27. Nh1 Rg8
28. gxf5 gxf5 29. Rxg8 Rxg8 30. Rxg8 Kxg8 31. Ng3 Ne7 32. Ba5 Kf7 33. Bd8 Nd5
34. Bxf6 Kxf6 35. a3 Nc7 36. Kd2 Nd5 37. Ne2 Ke6 38. Nc3 Nc7 39. Kc2 Na6 40.
Na2 Kd7 41. Kc3 Nc7 42. Nb4 Ne6 43. b3 axb3 44. Kxb3 Kc7 45. a4 bxa4+ 46. Kxa4
Nd8 47. d5 cxd5 48. Kb5 d4 49. exd4 Ne6 50. Nd5+ Kd7 51. Kc4 Nc7 52. Ne3 Ne6
53. Nxf5 Nxf4 54. d5 Ng2 55. Kd4 1-0

[Event "?"]
[Site "?"]
[Date "2004.03.23"]
[Round "3.23"]
[White "Mietzner, T."]
[Black "Zielinska, M."]
[Result "0-1"]
[WhiteElo "2201"]
[BlackElo "2414"]
[PlyCount "106"]
[EventDate "2004.??.??"]

1. e4 g6 2. d4 Bg7 3. Nc3 d6 4. Nf3 Bg4 5. Be3 c6 6. h3 Bxf3 7. Qxf3 Nd7 8. Bc4
e6 9. O-O Ne7 10. a4 O-O 11. Qe2 d5 12. exd5 cxd5 13. Bb3 Nf5 14. Rfd1 Nb8 15.
Qd3 Nc6 16. Ne2 Nxe3 17. Qxe3 Rc8 18. Rd3 Qb6 19. h4 h5 20. Qf4 Rfe8 21. g4 e5
22. Qg5 e4 23. Rg3 Nxd4 24. Nxd4 Bxd4 25. Rf1 Re5 26. Qh6 hxg4 27. Rxg4 Rf5 28.
Kg2 Bg7 29. Qe3 Bd4 30. Qh6 Bxb2 31. a5 Qe6 32. Rg3 Bg7 33. Qd2 Rd8 34. Rh1 Rh5
35. Qe2 Qe5 36. Qb5 Qc7 37. Rd1 a6 38. Qb4 Bf8 39. Qd4 Qxa5 40. Qf6 Bg7 41. Qe7
Re5 42. Qxb7 Rf5 43. Qe7 Bf8 44. Qb7 Qc5 45. Rd2 Bh6 46. Re2 Bf4 47. Rh3 Rd6
48. c4 Rdf6 49. cxd5 Bc7 50. Rc3 Qd6 51. Rh3 Qf4 52. d6 Qg4+ 53. Rg3 Qxe2 0-1

[Event "?"]
[Site "?"]
[Date "2004.03.23"]
[Round "3.24"]
[White "Slavina, I."]
[Black "Andersson, C."]
[Result "1-0"]
[WhiteElo "2413"]
[BlackElo "2196"]
[PlyCount "117"]
[EventDate "2004.??.??"]

1. e4 e6 2. d4 d5 3. Nc3 Nf6 4. e5 Nfd7 5. f4 c5 6. Nf3 cxd4 7. Nxd4 Bc5 8. Be3
Nc6 9. Qd2 Bxd4 10. Bxd4 Nxd4 11. Qxd4 Qb6 12. Qxb6 Nxb6 13. Nb5 O-O 14. O-O-O
Bd7 15. Nd4 Rac8 16. b3 a6 17. Bd3 f6 18. Rhf1 Rce8 19. a4 Bc8 20. Rde1 Nd7 21.
exf6 Rxf6 22. Re3 Nc5 23. Rff3 Nxd3+ 24. cxd3 Bd7 25. g3 Rc8+ 26. Kb2 b5 27.
axb5 axb5 28. Re1 b4 29. Rfe3 Rc3 30. h4 Rf8 31. Rc1 Rxc1 32. Kxc1 Kf7 33. Re1
Ra8 34. Kb2 Rb8 35. h5 Rb6 36. Rc1 Rb7 37. Rc5 h6 38. Ra5 Kf6 39. Ra6 Kf7 40.
Ra8 Rc7 41. Rb8 Kf6 42. Rxb4 Be8 43. g4 g6 44. hxg6 Bxg6 45. Rb6 Bxd3 46. Rxe6+
Kf7 47. Rxh6 Rc8 48. f5 Rg8 49. Nc6 Be2 50. Ne5+ Kf8 51. Rf6+ Kg7 52. Rg6+ Kh7
53. Rxg8 Kxg8 54. Kc3 Kg7 55. g5 Ba6 56. Kd4 Bb7 57. f6+ Kg8 58. g6 Kf8 59.
Nd7+ 1-0

[Event "?"]
[Site "?"]
[Date "2004.03.23"]
[Round "3.26"]
[White "Hamelink, D."]
[Black "Ciuksyte, D."]
[Result "0-1"]
[WhiteElo "2185"]
[BlackElo "2392"]
[PlyCount "70"]
[EventDate "2004.??.??"]

1. e4 c5 2. Nf3 e6 3. d4 cxd4 4. Nxd4 a6 5. Nc3 b5 6. Bd3 Qb6 7. Be3 Bc5 8. Be2
Nc6 9. Nxc6 dxc6 10. Bxc5 Qxc5 11. Qd3 Nf6 12. O-O-O O-O 13. f4 e5 14. f5 a5
15. g4 a4 16. g5 Nd7 17. f6 g6 18. Bg4 Nb6 19. Qh3 h5 20. gxh6 Kh7 21. Bxc8
Rfxc8 22. Rd3 b4 23. Nb1 Rd8 24. Rhd1 b3 25. Nc3 Rd4 26. Qg2 Nc4 27. Qf2 a3 28.
cxb3 Nxb2 29. R1d2 Nxd3+ 30. Rxd3 Rad8 31. Kb1 Qb4 32. Rg3 Qd6 33. Qf1 Rd2 34.
h4 Rb2+ 35. Ka1 Qd2 0-1

[Event "?"]
[Site "?"]
[Date "2004.03.23"]
[Round "3.27"]
[White "Melnikova, Y."]
[Black "Dworakowska, J."]
[Result "0-1"]
[WhiteElo "2171"]
[BlackElo "2370"]
[PlyCount "68"]
[EventDate "2004.??.??"]

1. e4 c5 2. Nf3 d6 3. d4 cxd4 4. Nxd4 Nf6 5. Nc3 a6 6. Be3 e5 7. Nb3 Be6 8. f3
Be7 9. Qd2 O-O 10. O-O-O Nbd7 11. g4 Qc7 12. Kb1 b5 13. g5 Nh5 14. Nd5 Bxd5 15.
exd5 Nb6 16. Na5 Nxd5 17. Qxd5 Qxa5 18. Bh3 Qd8 19. Rhg1 Kh8 20. Qd3 b4 21. Bg4
Nf4 22. Bxf4 exf4 23. Bf5 Bxg5 24. Bxh7 Qf6 25. Be4 Rad8 26. Qd5 Bh6 27. Qh5
Rfe8 28. Rg2 d5 29. Bd3 Re5 30. Qh3 a5 31. Rgd2 a4 32. Bb5 a3 33. bxa3 bxa3 34.
c4 Rb8 0-1

[Event "?"]
[Site "?"]
[Date "2004.03.23"]
[Round "3.28"]
[White "Ovod, E."]
[Black "Lauterbach, I."]
[Result "1-0"]
[WhiteElo "2357"]
[BlackElo "2171"]
[PlyCount "103"]
[EventDate "2004.??.??"]

1. d4 d6 2. c4 e5 3. Nf3 e4 4. Ng5 f5 5. Nc3 Nf6 6. g3 c6 7. Bg2 Be7 8. d5 cxd5
9. cxd5 O-O 10. O-O Na6 11. f3 exf3 12. exf3 f4 13. Nh3 fxg3 14. hxg3 Bd7 15.
Be3 b5 16. a3 Qc8 17. Kh2 Nc7 18. Qd4 Qb7 19. Rad1 a5 20. b4 axb4 21. axb4 Ra3
22. Rfe1 Re8 23. Bg5 Qa7 24. Qd2 Bd8 25. Be3 Qb7 26. Nf2 Ncxd5 27. Nxd5 Qxd5
28. Qxd5+ Nxd5 29. Rxd5 Raxe3 30. Rxe3 Rxe3 31. Rxd6 Be7 32. Rxd7 Bxb4 33. Ng4
Re2 34. Rd5 Bc3 35. Rxb5 g6 36. f4 h5 37. Ne5 g5 38. Nf3 gxf4 39. gxf4 h4 40.
Nxh4 Bd2 41. f5 Kg7 42. Nf3 Bc3 43. Kg3 Re3 44. Kf4 Re2 45. Rb7+ Kf6 46. Rb6+
Kg7 47. Rg6+ Kf8 48. Bf1 Rf2 49. Bc4 Ke7 50. Re6+ Kf8 51. f6 Bb4 52. Rb6 1-0

[Event "?"]
[Site "?"]
[Date "2004.03.23"]
[Round "3.31"]
[White "Krivec, J."]
[Black "Muhren, B."]
[Result "1-0"]
[WhiteElo "2301"]
[BlackElo "2135"]
[PlyCount "55"]
[EventDate "2004.??.??"]

1. e4 c5 2. Nf3 e6 3. d4 cxd4 4. Nxd4 Nf6 5. Nc3 d6 6. Bc4 a6 7. Bb3 Nc6 8. Be3
Qc7 9. f3 Na5 10. g4 Nc4 11. Bxc4 Qxc4 12. Qd2 Be7 13. O-O-O b5 14. Kb1 Nd7 15.
g5 Rb8 16. h4 Nb6 17. h5 b4 18. Nce2 d5 19. g6 e5 20. h6 fxg6 21. hxg7 Rg8 22.
Nb3 d4 23. Nexd4 Rxg7 24. Na5 Qc7 25. Ndc6 Ra8 26. Nxe7 Rxe7 27. Bxb6 Qxb6 28.
Qd5 1-0

[Event "?"]
[Site "?"]
[Date "2004.03.23"]
[Round "3.32"]
[White "Czaeczine, A."]
[Black "Dragomirescu, A."]
[Result "0-1"]
[WhiteElo "2153"]
[BlackElo "2288"]
[PlyCount "72"]
[EventDate "2004.??.??"]

1. e4 g6 2. d4 Bg7 3. Nc3 d6 4. Be3 a6 5. Qd2 Nd7 6. O-O-O b5 7. f4 Ngf6 8. e5
b4 9. Nce2 Nd5 10. Nf3 N7b6 11. Neg1 a5 12. Bd3 a4 13. Ne2 Ba6 14. Bxa6 Rxa6
15. Qd3 Ra5 16. Bd2 Qd7 17. Kb1 O-O 18. a3 Rb5 19. Ka1 Qc6 20. Rb1 Nc4 21. Nc1
bxa3 22. b3 Nxd2 23. Qxd2 Nc3 24. Nd3 Nxb1 25. Rxb1 axb3 26. Rxb3 Rfb8 27. Ka2
Qd5 28. Nc1 c5 29. dxc5 Qxc5 30. Nd3 Qc4 31. Qc3 Qd5 32. Qd4 Qxd4 33. Nxd4 Rxb3
34. Nxb3 dxe5 35. fxe5 Rc8 36. Nd4 Rc4 0-1

[Event "?"]
[Site "?"]
[Date "2004.03.23"]
[Round "3.33"]
[White "Malysheva, P."]
[Black "Bakalarz, G."]
[Result "1-0"]
[WhiteElo "2281"]
[BlackElo "2082"]
[PlyCount "35"]
[EventDate "2004.??.??"]

1. e4 c5 2. Nf3 e6 3. c3 d5 4. exd5 Qxd5 5. d4 Nf6 6. Bd3 cxd4 7. cxd4 Nc6 8.
Nc3 Qd6 9. O-O Be7 10. Be3 O-O 11. a3 a6 12. Qc2 h6 13. Rac1 Rd8 14. Rfd1 Nd5
15. b4 Bf8 16. Be4 Nce7 17. Bh7+ Kh8 18. Ne5 1-0

[Event "?"]
[Site "?"]
[Date "2004.03.23"]
[Round "3.34"]
[White "Makropoulou, M."]
[Black "Grossmann, S."]
[Result "1-0"]
[WhiteElo "2266"]
[BlackElo "1977"]
[PlyCount "49"]
[EventDate "2004.??.??"]

1. e4 g6 2. d4 Bg7 3. Nc3 c6 4. Nf3 d6 5. Be3 Nf6 6. Qd2 O-O 7. Bh6 Nbd7 8.
Bxg7 Kxg7 9. O-O-O b5 10. e5 Ne8 11. h4 Nc7 12. h5 Rh8 13. h6+ Kg8 14. d5 b4
15. exd6 bxc3 16. Qxc3 Nf6 17. dxc7 Qxc7 18. d6 Qb7 19. dxe7 Qxe7 20. Bc4 Be6
21. Bxe6 fxe6 22. Qxc6 Re8 23. Rhe1 Qf8 24. Rxe6 Qxh6+ 25. Kb1 1-0

[Event "?"]
[Site "?"]
[Date "2004.03.23"]
[Round "3.35"]
[White "Meissner, C."]
[Black "Nill, J."]
[Result "1/2-1/2"]
[WhiteElo "2146"]
[BlackElo "2246"]
[PlyCount "44"]
[EventDate "2004.??.??"]

1. d4 d5 2. Nf3 Nf6 3. g3 Bf5 4. Bg2 c6 5. O-O Nbd7 6. Nbd2 h6 7. Re1 Ne4 8.
Nh4 Bh7 9. Nxe4 dxe4 10. Bh3 e6 11. Ng2 Nf6 12. c3 Be7 13. Ne3 h5 14. Nc4 h4
15. Qb3 hxg3 16. hxg3 e3 17. Bxe3 Be4 18. Bg2 Bxg2 19. Kxg2 Ng4 20. Rh1 Qd5+
21. f3 O-O-O 22. Bd2 f5 1/2-1/2

[Event "?"]
[Site "?"]
[Date "2004.03.23"]
[Round "3.36"]
[White "Shmirina, G."]
[Black "Zakurdjaeva, I."]
[Result "1/2-1/2"]
[WhiteElo "2120"]
[BlackElo "2244"]
[PlyCount "47"]
[EventDate "2004.??.??"]

1. d4 d5 2. c4 e6 3. Nf3 c6 4. cxd5 exd5 5. Nc3 Bf5 6. Bf4 Bd6 7. Bxd6 Qxd6 8.
Qb3 Nd7 9. e3 Ngf6 10. Nh4 Be4 11. Nxe4 Nxe4 12. Nf3 O-O 13. Bd3 Rae8 14. O-O
Qb8 15. Qc2 f5 16. g3 Kh8 17. b4 Rc8 18. Rfc1 Qd6 19. Qb2 Ndf6 20. Ne5 Ng4 21.
Nxg4 fxg4 22. Bxe4 dxe4 23. Rc5 b6 24. Re5 1/2-1/2

[Event "?"]
[Site "?"]
[Date "2004.03.23"]
[Round "3.37"]
[White "Richards, H."]
[Black "Acar, G."]
[Result "1-0"]
[WhiteElo "2236"]
[BlackElo "1888"]
[PlyCount "71"]
[EventDate "2004.??.??"]

1. e4 c6 2. d4 d5 3. f3 e6 4. Be3 Qb6 5. Qc1 Nf6 6. e5 Nfd7 7. c3 c5 8. f4 Nc6
9. Nf3 cxd4 10. cxd4 Bb4+ 11. Nc3 Qa5 12. Bd3 Bxc3+ 13. bxc3 Nb6 14. O-O Nc4
15. Bf2 Ne7 16. Qe1 Bd7 17. Ng5 Nb2 18. Be2 Rc8 19. Rc1 b5 20. Qd2 Na4 21. Be1
Nb6 22. Bd3 Nc4 23. Qe2 g6 24. g4 h6 25. Nf3 h5 26. h3 Qa3 27. Rc2 Qa5 28. Ng5
Nb6 29. f5 exf5 30. gxf5 Nxf5 31. e6 fxe6 32. Nxe6 Kf7 33. Bxf5 gxf5 34. Rxf5+
Kg6 35. Qe5 Rcg8 36. Rg2+ 1-0

[Event "?"]
[Site "?"]
[Date "2004.03.23"]
[Round "3.39"]
[White "Fuchs, A."]
[Black "Foisor, C."]
[Result "0-1"]
[WhiteElo "2099"]
[BlackElo "2404"]
[PlyCount "74"]
[EventDate "2004.??.??"]

1. e4 g6 2. d4 Bg7 3. c4 d6 4. Nc3 Nd7 5. Nf3 e5 6. Be3 Nh6 7. dxe5 dxe5 8. h3
f6 9. c5 c6 10. Bc4 Qe7 11. Qd2 Nf7 12. Na4 Nf8 13. Qa5 Be6 14. Nb6 Bxc4 15.
Nxc4 Ne6 16. O-O O-O 17. Rad1 f5 18. Nd6 f4 19. Bc1 g5 20. b3 h5 21. Bb2 g4 22.
Nf5 Qf6 23. N3h4 gxh3 24. gxh3 Neg5 25. Qb4 Rfd8 26. Kh2 Rxd1 27. Rxd1 Rd8 28.
Rxd8+ Qxd8 29. Nd6 b6 30. cxb6 Nxd6 31. bxa7 Nb5 32. Qc4+ Nf7 33. Qxc6 Nxa7 34.
Qb7 Qxh4 35. Qxa7 Ng5 36. Qd7 Qxf2+ 37. Kh1 Qf1+ 0-1

[Event "?"]
[Site "?"]
[Date "2004.03.23"]
[Round "3.40"]
[White "Cinar, N."]
[Black "Sharevich, A."]
[Result "0-1"]
[WhiteElo "2092"]
[BlackElo "2236"]
[PlyCount "68"]
[EventDate "2004.??.??"]

1. e4 c5 2. Nf3 e6 3. d4 cxd4 4. Nxd4 a6 5. c4 Nf6 6. Nc3 Bb4 7. Bd3 Nc6 8.
Nxc6 dxc6 9. O-O e5 10. Bg5 h6 11. Bh4 Bc5 12. Na4 Bd4 13. c5 Be6 14. Rc1 O-O
15. a3 Qe7 16. Nb6 Rad8 17. Qc2 Bxc5 18. Qxc5 Qxc5 19. Rxc5 Rxd3 20. Rxe5 Rb3
21. Na4 Nd7 22. Ra5 b6 23. Rxa6 Bc4 24. Ra7 Bxf1 25. Rxd7 Bb5 26. Nxb6 Rxb2 27.
f3 Ra2 28. Ra7 g5 29. Bg3 Rd8 30. h4 gxh4 31. Bxh4 Rdd2 32. Kh2 Rxg2+ 33. Kh3
Bf1 34. Bd8 Rg6+ 0-1

[Event "?"]
[Site "?"]
[Date "2004.03.23"]
[Round "3.41"]
[White "Schulz, S."]
[Black "Vogel, H."]
[Result "1/2-1/2"]
[WhiteElo "2079"]
[BlackElo "2152"]
[PlyCount "78"]
[EventDate "2004.??.??"]

1. e4 c5 2. Nf3 Nc6 3. d4 cxd4 4. Nxd4 Nf6 5. Nc3 e5 6. Ndb5 d6 7. Nd5 Nxd5 8.
exd5 Nb8 9. Qf3 a6 10. Qa3 b6 11. c4 Bb7 12. Nc3 Be7 13. Be3 O-O 14. Be2 Nd7
15. O-O f5 16. f3 Rf6 17. b4 Rg6 18. Bd3 Bg5 19. Nd1 e4 20. fxe4 Bxe3+ 21. Nxe3
Qg5 22. Rf3 f4 23. h4 Qf6 24. Rd1 Ne5 25. Rf2 Bc8 26. Nf5 Bxf5 27. exf5 Rg3 28.
Rxf4 g5 29. Rf2 gxh4 30. Qb3 h3 31. Qb1 hxg2 32. Be4 Kf7 33. Rxg2 Rag8 34. Qc2
Qg5 35. Qe2 h5 36. Re1 h4 37. Kh1 Rh3+ 38. Kg1 Rg3 39. Kh1 Rh3+ 1/2-1/2

[Event "?"]
[Site "?"]
[Date "2004.03.23"]
[Round "3.42"]
[White "Bashkite, V."]
[Black "Apanaviciute, K."]
[Result "1-0"]
[WhiteElo "2119"]
[BlackElo "2041"]
[PlyCount "85"]
[EventDate "2004.??.??"]

1. d4 Nf6 2. Nf3 e6 3. Bg5 Be7 4. c4 d5 5. e3 Ne4 6. Bxe7 Qxe7 7. Qb3 c6 8. Nc3
f5 9. Bd3 O-O 10. Rc1 Nd7 11. O-O Kh8 12. Qc2 Ndf6 13. Ne5 Bd7 14. f3 Nd6 15.
e4 dxc4 16. Bxc4 Nxc4 17. Nxc4 c5 18. e5 Ne8 19. d5 exd5 20. Nxd5 Qf7 21. Rfd1
b6 22. Nf4 Nc7 23. b4 Qe7 24. bxc5 Qxc5+ 25. Kh1 Be6 26. Nd6 Qe3 27. Qd2 Qxd2
28. Rxd2 g5 29. Nh3 Na6 30. Nxg5 Bg8 31. e6 h6 32. e7 hxg5 33. exf8=Q Rxf8 34.
Rc8 Rf6 35. g3 Nc5 36. Kg2 a6 37. Nxf5 Kh7 38. g4 Ne6 39. Rd7+ Kh8 40. Ne7 Nf8
41. Nxg8 Kxg8 42. Rd5 Rg6 43. Rf5 1-0

[Event "?"]
[Site "?"]
[Date "2004.03.23"]
[Round "3.43"]
[White "Von Herman, B."]
[Black "Mammadova, N."]
[Result "0-1"]
[WhiteElo "2066"]
[BlackElo "2104"]
[PlyCount "93"]
[EventDate "2004.??.??"]

1. e4 c5 2. c3 d5 3. exd5 Qxd5 4. d4 e6 5. Nf3 Nf6 6. Bd3 Be7 7. O-O O-O 8. c4
Qd8 9. dxc5 Na6 10. Nc3 Nxc5 11. Bc2 Qxd1 12. Rxd1 b6 13. Ne5 Bb7 14. Be3 Rfd8
15. b4 Ncd7 16. Nd3 Ng4 17. Bd2 Nde5 18. Nxe5 Nxe5 19. c5 bxc5 20. bxc5 Bxc5
21. Rab1 Bc6 22. Bf4 Ng4 23. Bg3 Nf6 24. Ba4 Bxa4 25. Nxa4 Bd4 26. Kf1 Ne4 27.
Bh4 Nf6 28. Bg3 Rac8 29. Rb4 e5 30. h3 h6 31. Nb2 Nd5 32. Rb7 Bxb2 33. Rxb2
Ne3+ 34. fxe3 Rxd1+ 35. Ke2 Rd5 36. Kf3 Rdc5 37. Rb4 Ra5 38. a4 Rc2 39. Be1 Ra6
40. a5 Rf6+ 41. Ke4 Rxg2 42. Rb5 Kh7 43. Rxe5 Re2 44. Bc3 Rh2 45. Rh5 Re6+ 46.
Kd3 g5 47. h4 0-1

[Event "?"]
[Site "?"]
[Date "2004.03.23"]
[Round "3.44"]
[White "Bayrak, A."]
[Black "Partac, E."]
[Result "1/2-1/2"]
[WhiteElo "1898"]
[BlackElo "2230"]
[PlyCount "82"]
[EventDate "2004.??.??"]

1. e4 c5 2. Nc3 Nc6 3. g3 g6 4. Bg2 Bg7 5. d3 d6 6. f4 Rb8 7. Nf3 Nf6 8. O-O b5
9. h3 O-O 10. Be3 b4 11. Ne2 Ba6 12. Nd2 Nd7 13. Rb1 Bb5 14. f5 Qa5 15. fxg6
fxg6 16. Rxf8+ Rxf8 17. Nc1 Nd4 18. Ndb3 Qc7 19. c4 Ba4 20. Qd2 Bxb3 21. Nxb3
Ne6 22. Kh2 Ne5 23. Re1 Nf3+ 24. Bxf3 Rxf3 25. Kg2 Rf7 26. Re2 Qc8 27. Nc1 Qf8
28. b3 Bc3 29. Qd1 Rf3 30. Rf2 Rxf2+ 31. Bxf2 Bd4 32. Be1 h5 33. Qf3 Qc8 34. g4
Be5 35. Bd2 Nd4 36. Qd1 Qe8 37. Ne2 Ne6 38. Qf1 hxg4 39. hxg4 Qf7 40. Qxf7+
Kxf7 41. Kf3 Kf6 1/2-1/2

[Event "?"]
[Site "?"]
[Date "2004.03.23"]
[Round "3.45"]
[White "Hafenstein, A."]
[Black "Hitzgerova, G."]
[Result "0-1"]
[WhiteElo "2051"]
[BlackElo "2190"]
[PlyCount "74"]
[EventDate "2004.??.??"]

1. e4 c5 2. Ne2 e6 3. g3 d5 4. Bg2 dxe4 5. Bxe4 Nf6 6. Bg2 Nc6 7. c3 e5 8. O-O
Qd3 9. b3 Bg4 10. f3 Bf5 11. Bb2 Be7 12. Nc1 Qd7 13. Rf2 O-O 14. Na3 Nd5 15.
Qe1 Bf6 16. Bf1 Rfe8 17. d3 Bg5 18. Nc2 h5 19. a3 h4 20. c4 Nf6 21. Ne3 Be6 22.
Bc3 Nd4 23. Nd1 Qd6 24. Be2 hxg3 25. hxg3 Nc2 26. Qf1 Nxa1 27. f4 exf4 28. gxf4
Bh4 29. Rh2 Bg3 30. Rg2 Bh3 31. Bxa1 Bxg2 32. Qxg2 Bxf4 33. Na2 Be5 34. Bxe5
Qxe5 35. Ndc3 b6 36. a4 Rad8 37. Qf3 Rd4 0-1

[Event "?"]
[Site "?"]
[Date "2004.03.23"]
[Round "3.46"]
[White "Vasiliev, O."]
[Black "Horn, E."]
[Result "1-0"]
[WhiteElo "2156"]
[BlackElo "2051"]
[PlyCount "71"]
[EventDate "2004.??.??"]

1. e4 c5 2. Nf3 Nc6 3. d4 cxd4 4. Nxd4 g6 5. f4 Bg7 6. Nf3 d6 7. Bd3 Nf6 8. Nc3
O-O 9. O-O Bd7 10. Qe1 Rc8 11. Qh4 Qa5 12. f5 Ne5 13. Bh6 Nxf3+ 14. gxf3 Qb6+
15. Kh1 Qxb2 16. Ne2 Rfe8 17. fxg6 fxg6 18. Nf4 Rc5 19. Rab1 Qxa2 20. Rxb7 Bc8
21. Rb3 Qa5 22. Rg1 Nh5 23. Nxg6 hxg6 24. e5 Rxe5 25. Bxg6 Ng3+ 26. Qxg3 Bxh6
27. Bf7+ Kh8 28. Qg6 Bg5 29. Bxe8 Re1 30. Rb1 Rxb1 31. Rxb1 Bb7 32. Qh5+ Kg7
33. Rg1 Bxf3+ 34. Qxf3 Qe5 35. Qf7+ Kh8 36. Qh5+ 1-0

[Event "?"]
[Site "?"]
[Date "2004.03.23"]
[Round "3.47"]
[White "Shmirina, E."]
[Black "Roelli, C."]
[Result "1-0"]
[WhiteElo "2135"]
[BlackElo "2020"]
[PlyCount "107"]
[EventDate "2004.??.??"]

1. e4 c5 2. Nf3 e6 3. d4 cxd4 4. Nxd4 a6 5. Nc3 Qc7 6. Bd3 Nf6 7. Qe2 b5 8. a3
Bb7 9. O-O Nc6 10. Nxc6 dxc6 11. f4 c5 12. e5 c4 13. Bf5 Bc5+ 14. Kh1 O-O 15.
Bh3 Nd5 16. Ne4 Be7 17. Bd2 a5 18. c3 Qc6 19. f5 exf5 20. Bxf5 Bc8 21. Ng3 Bxf5
22. Nxf5 Bc5 23. Rf3 Ne7 24. Nxg7 Kxg7 25. Rf6 Qc7 26. Bh6+ Kg8 27. e6 Ng6 28.
Raf1 Qe5 29. Qxe5 Nxe5 30. h4 Ng4 31. Bxf8 Rxf8 32. exf7+ Kg7 33. R6f5 Be7 34.
R1f4 Nf6 35. g4 Rd8 36. g5 Nh5 37. Rf3 Rb8 38. Kg2 Bf8 39. Re3 Rb7 40. Ref3 Rb8
41. Kh3 Rb6 42. Re5 b4 43. a4 h6 44. Kg4 Kg6 45. gxh6 Nf6+ 46. Kh3 Kxf7 47. h7
Bg7 48. Rxa5 Kg6 49. cxb4 Rxb4 50. Ra7 Nxh7 51. Rg3+ Kf5 52. Raxg7 Nf6 53. Rf3+
Ke5 54. Rg5+ 1-0

[Event "?"]
[Site "?"]
[Date "2004.03.23"]
[Round "3.48"]
[White "Winnicki, A."]
[Black "Karahaliou, E."]
[Result "1/2-1/2"]
[WhiteElo "2013"]
[BlackElo "2132"]
[PlyCount "81"]
[EventDate "2004.??.??"]

1. c4 Nf6 2. e3 c5 3. b3 g6 4. Bb2 Bg7 5. Qc2 O-O 6. Nf3 d6 7. d3 Nc6 8. a3 Bd7
9. Nbd2 a6 10. Be2 Qb8 11. O-O Rc8 12. Rfb1 b5 13. Bf1 Qc7 14. cxb5 axb5 15.
Rc1 Qb6 16. Qd1 h6 17. d4 Bg4 18. h3 cxd4 19. exd4 Be6 20. Qe2 Rab8 21. b4 Nd5
22. Qe4 Rc7 23. h4 Rbc8 24. Rd1 Na7 25. Rac1 Nf6 26. Qb1 Bf5 27. Bd3 Rxc1 28.
Rxc1 Rxc1+ 29. Bxc1 Bxd3 30. Qxd3 Qc6 31. Bb2 Nc8 32. Nf1 Nb6 33. Ne3 Nfd5 34.
Nd1 Na4 35. Qe2 Qc4 36. Qd2 Qb3 37. Qe2 Nxb2 38. Nxb2 Nc3 39. Qd2 Qxa3 40. Nd3
Ne4 41. Qe2 1/2-1/2

[Event "?"]
[Site "?"]
[Date "2004.03.23"]
[Round "3.49"]
[White "Yildiz, B."]
[Black "Cavusoglu, Y."]
[Result "1-0"]
[WhiteElo "2118"]
[BlackElo "2013"]
[PlyCount "91"]
[EventDate "2004.??.??"]

1. e4 c6 2. d3 d5 3. Nd2 e5 4. Ngf3 Bd6 5. Qe2 Qe7 6. d4 exd4 7. exd5 cxd5 8.
Nxd4 Nc6 9. N2b3 Nf6 10. Qxe7+ Kxe7 11. Bg5 Re8 12. O-O-O Be6 13. Bb5 Rac8 14.
Rhe1 Kf8 15. Bxf6 gxf6 16. Bd3 Kg8 17. Kb1 Be5 18. Be2 Kh8 19. Bh5 Re7 20. g3
Nxd4 21. Nxd4 Bxd4 22. Rxd4 Rec7 23. c3 a5 24. Bf3 b5 25. Bxd5 Bxd5 26. Rxd5 b4
27. cxb4 axb4 28. Red1 Kg7 29. Rd8 Rxd8 30. Rxd8 Re7 31. Kc2 Re2+ 32. Rd2 Re4
33. Kd3 Re7 34. Re2 Ra7 35. Kc4 Rxa2 36. Kxb4 Kg6 37. Kb3 Ra7 38. Re4 f5 39.
Rd4 Kg5 40. Kc3 Ra2 41. Rf4 Ra8 42. b4 Rc8+ 43. Kd4 Rb8 44. Kc5 Rc8+ 45. Kd6 f6
46. b5 1-0

[Event "?"]
[Site "?"]
[Date "2004.03.23"]
[Round "3.50"]
[White "Hielscher, U."]
[Black "Lopatin, O."]
[Result "0-1"]
[WhiteElo "1974"]
[BlackElo "2116"]
[PlyCount "90"]
[EventDate "2004.??.??"]

1. d4 Nf6 2. c4 g6 3. Nc3 Bg7 4. e4 d6 5. f3 a6 6. Be3 Nc6 7. Nge2 Rb8 8. Rb1
O-O 9. b4 e5 10. d5 Ne7 11. b5 b6 12. bxa6 Bxa6 13. Nb5 Nd7 14. Nec3 f5 15. Bd3
Nc5 16. Bc2 Kh8 17. h4 f4 18. Bf2 Bf6 19. h5 g5 20. a4 Nb7 21. Na2 Na5 22. Bd3
Rf7 23. Qd2 Ra8 24. Nxc7 Qxc7 25. Bxb6 Nxc4 26. Bxc7 Nxd2 27. Kxd2 Bxd3 28.
Kxd3 Rxa4 29. Nc3 Rd4+ 30. Kc2 Nf5 31. Rb8+ Kg7 32. Bb6 Ne3+ 33. Kb3 Rd7 34.
h6+ Kf7 35. Bxd4 exd4 36. Nd1 d3 37. Rc8 Rb7+ 38. Ka2 Nc2 39. Ra8 d2 40. Rc8
Ne3 41. Rc6 Ra7+ 42. Kb3 Ra1 43. Rc7+ Kg6 44. Rc8 Rb1+ 45. Ka2 Rxd1 0-1

[Event "?"]
[Site "?"]
[Date "2004.03.23"]
[Round "3.51"]
[White "Dimovski, A."]
[Black "Ozturk, K."]
[Result "1-0"]
[WhiteElo "2111"]
[BlackElo "1957"]
[PlyCount "83"]
[EventDate "2004.??.??"]

1. e4 e5 2. d4 exd4 3. Qxd4 Nc6 4. Qe3 Nf6 5. Nc3 Bb4 6. Bd2 O-O 7. O-O-O Re8
8. Qg3 Rxe4 9. a3 Rg4 10. Qe3 Ba5 11. f3 Bb6 12. Qe1 Rd4 13. Bd3 Rd6 14. Qh4
Ne7 15. g4 Ng6 16. Qg3 Qe7 17. f4 Nd5 18. Re1 Qd8 19. Nxd5 Rxd5 20. f5 Nf8 21.
Nf3 c5 22. Bg5 Qc7 23. Qxc7 Bxc7 24. Bc4 Rd6 25. Re8 Rf6 26. Bxf6 gxf6 27. Rhe1
b5 28. Bd5 Rb8 29. R1e7 Bd6 30. Rxf7 Bb7 31. Rfxf8+ Kg7 32. Rf7+ Kh6 33. Rxf6+
Kg7 34. Rf7+ Kh6 35. Rf6+ Kg7 36. Rxd6 Rxe8 37. Bxb7 c4 38. g5 a5 39. Rxd7+ Kh8
40. g6 hxg6 41. fxg6 Rg8 42. Rh7# 1-0

[Event "?"]
[Site "?"]
[Date "2004.03.23"]
[Round "3.52"]
[White "Oney, F."]
[Black "Skibbe, D."]
[Result "0-1"]
[WhiteElo "1809"]
[BlackElo "2094"]
[PlyCount "96"]
[EventDate "2004.??.??"]

1. Nf3 Nf6 2. g3 b6 3. Bg2 Bb7 4. O-O e6 5. c4 c5 6. Nc3 Be7 7. d3 O-O 8. a3 d6
9. Rb1 Nbd7 10. b4 Rc8 11. Bd2 d5 12. cxd5 Nxd5 13. Nxd5 Bxd5 14. Be3 Bf6 15.
Qd2 cxb4 16. axb4 Bc3 17. Qd1 Qe7 18. Qa4 Nf6 19. Rfc1 Rc7 20. Nd4 Bxg2 21.
Kxg2 Nd5 22. Nb5 Rcc8 23. Qxa7 Qxa7 24. Nxa7 Ra8 25. Nc6 Nxe3+ 26. fxe3 Bd2 27.
Rc2 Bxe3 28. Kf3 Bg5 29. h4 Bf6 30. Rbc1 h5 31. e4 g6 32. e5 Bg7 33. d4 Bh6 34.
Rd1 Ra3+ 35. Kg2 Rfa8 36. Ne7+ Kf8 37. Nc8 Ra2 38. Rxa2 Rxa2+ 39. Kf1 Rb2 40.
Nxb6 Rxb4 41. Nd7+ Ke7 42. Nf6 Bg7 43. Ne4 Bxe5 44. dxe5 Rxe4 45. Re1 Rxe1+ 46.
Kxe1 f6 47. exf6+ Kxf6 48. Ke2 Kf5 0-1